Word Ladder: Grecian Goldfinger Quiz Stats

 Plays Quiz Updated Nov 4, 2012

Support Sporcle.
Go Orange.
Score 0/15 Timer 02:00
0 Plays Today
Clue Answer % Correct
Half of a group that's California Dreamin'MAMAS
89.7%
Feats of flatulenceFARTS
89.7%
'U Can't ____ This', MC Hammer hit♛ TOUCH ♛
89.5%
Grocery storesMARTS
86.8%
Coarse or unevenROUGH
86.5%
Defensive strongholdsFORTS
85.8%
Crimson cosmeticROUGE
84.2%
King in Greek mythology with a penchant for gold♛ MIDAS ♛
83.2%
Clue Answer % Correct
____ MudderTOUGH
81.6%
Claw at the eyesGOUGE
79.2%
Kate and Rooney, e.g.MARAS
79.1%
Canyon or ravineGORGE
78.2%
Knack or talentFORTE
77.9%
Blacksmith's workplaceFORGE
77.6%
Saturnian moonMIMAS
70.4%

Today's Daily Dose

You're not logged in!

Compare scores with friends on all Sporcle quizzes.
OR
Log In

From the Vault

Sitcom by IMDb Description II

by gingerlover

Is "Oh-ho-ho-ho...Uh-huuuh" descriptive enough?
Remove Ads.
Support Sporcle.
Get the best of Sporcle when you Go Orange. This ad-free experience offers more features, more stats, and more fun while also helping to support Sporcle. Thank you for becoming a member.

Show Comments

Extras

Top Quizzes Today


Score Distribution

Your Account Isn't Verified!

In order to create a playlist on Sporcle, you need to verify the email address you used during registration. Go to your Sporcle Settings to finish the process.

Report this User

Report this user for behavior that violates our Community Guidelines.

Details: